|
|
|
|
| LEADER |
01257nam a22002657a 4500 |
| 001 |
43564 |
| 003 |
BD-DhAAL |
| 005 |
20241024125959.0 |
| 008 |
241024t2017 bg ||||| b||| 00| 0 ben d |
| 020 |
|
|
|a 9789849292128
|
| 040 |
|
|
|a BD-DhAAL
|c BD-DhAAL
|
| 041 |
|
|
|a ben
|
| 082 |
|
|
|a 954.9205
|
| 100 |
|
|
|a শাহেদ, হোসনে আরা.
|9 16021
|
| 245 |
|
|
|a বাংলাদেশের স্বাধীনতা কী করে পেলাম :
|b [কিশোরদের জন্য] /
|c হোসনে আরা শাহেদ.
|
| 246 |
|
|
|a How the independence of Bangladesh became a reality
|
| 260 |
|
|
|a ঢাকা :
|b নিখিল প্রকাশন,
|c ২০১৭.
|
| 300 |
|
|
|a ৪৪ পৃষ্ঠা ;
|c ২৫ সে.মি.
|
| 504 |
|
|
|a গ্রন্থপঞ্জিগত নির্দেশিকা অন্তর্ভুক্ত।
|
| 541 |
|
|
|a Savar Campus Library
|e 43564
|
| 651 |
|
|
|a Bangladesh
|x History
|y Revolution, 1971.
|
| 852 |
|
|
|a Ayesha Abed Library
|
| 942 |
|
|
|2 ddc
|c BK
|
| 999 |
|
|
|c 47055
|d 47055
|
| 952 |
|
|
|0 0
|1 0
|2 ddc
|4 0
|6 954_920500000000000_SHA
|7 0
|9 76812
|a SCL
|b SCL
|c GEN
|d 2024-10-24
|e Savar Campus Library
|g 150.00
|l 0
|o 954.9205 SHA
|p 3020043564
|r 2024-10-24
|t 1
|w 2024-10-24
|y BK
|x Savar Campus Library
|